| 000 | 00401nam a22001577a 4500 | ||
|---|---|---|---|
| 020 | _a9789354894152 | ||
| 082 |
_a823 _bCHI/L |
||
| 100 | _aChitra Banerjee Divakaruni | ||
| 245 |
_aThe last queen/ _cby Chitra Banerjee Divakaruni |
||
| 260 |
_aHaryana: _bHarperCollins, _c2022. |
||
| 300 | _a354p. | ||
| 650 | _aNovel English | ||
| 650 | _aLiterature English | ||
| 650 | _aLiterature | ||
| 942 | _cBK | ||
| 999 |
_c181315 _d181315 |
||